000 00315nam a2200145Ia 4500
100 _aHirano/ Hiroyuki
942 _cBK
654 _aRevolution
245 _aJIT fatory revolution
260 _bProduction Pres Inc
_aCambridge
_c1988
082 _a658.5
_bHIR
300 _a208
546 _aENGLISH
999 _c29497
_d29497